Tilastot visalle Itä-Aasian kaupunkeja kartalla

Klikkaa tästä pelataksesi tätä visaa!

Yleistilastot

  • Tätä visaa on pelattu 288 kertaa
  • Keskiarvotulos 21 / 28

Vastaukset kartalla

Vastauksille on annettu kartalla punavihreä väri sen mukaan, kuinka moni on saanut sen oikein.
Ladataan ...
 

Vastaustilastot

Vastaus% Oikein
Pjongjang
96%
Soul
95%
Tokio
92%
Bangkok
87%
Vladivostok
85%
Ulaanbaatar
84%
Manila
84%
Peking
83%
Jakarta
83%
Taipei
82%
Kathmandu
80%
Shanghai
79%
Delhi
79%
Kuala Lumpur
79%
Sapporo
78%
Singapore
78%
Osaka
77%
Hongkong
74%
Hồ Chí Minh
70%
Kalkutta
66%
Colombo
66%
Dhaka
65%
Hanoi
64%
Mumbai
64%
Chengdu
61%
Yangon
54%
Bangalore
54%
Lhasa
52%

Tulosjakauma

Persentiili vastausten määrän mukaan

Jokaisen tuloksen saaneiden osuus

Tuloshistoriasi

Et ole pelannut tätä visaa